Komunikace na úrovni : Jak dosáhnout ještě vyšší výkonnosti pomocí účinné komunikace
Na minha lista:
| Main Authors: | , |
|---|---|
| Formato: | Livro |
| Assuntos: | |
| Tags: |
Sem tags, seja o primeiro a adicionar uma tag!
|
MARC
| LEADER | 00000nam a22000003a 4500 | ||
|---|---|---|---|
| 001 | stu84166 | ||
| 005 | 20150617225635.1 | ||
| 008 | 040219s--------------------------------d | ||
| 020 | |a 80-85943-75-1 | ||
| 040 | |a STU |b slo | ||
| 041 | 0 | ||
| 080 | |a 005.57 |7 stu_us_auth*stu622 | ||
| 100 | 1 | |a McLaganová, Patricia |4 aut | |
| 245 | 1 | |a Komunikace na úrovni : |b Jak dosáhnout ještě vyšší výkonnosti pomocí účinné komunikace | |
| 650 | 7 | |a komunikácia |2 stusub | |
| 700 | 1 | |a Krembs, Peter |4 aut | |
| 996 | |b 284J016520 |c J*94623 |l JJSK |s A |a 24 |w stu84166_0001 | ||